000 01468cam0 2200397 ib4500
001 BY-MI0012-br121407
005 20251126104927.0
010 ^a978-5-17-086933-6
^d6 р.
100 ^a20251125d2021 m y0rusy50 ca
101 1 ^arus
^ceng
102 ^aRU
105 ^ay z 000ay
106 ^9kn
^ar
109 ^ama
200 1 ^aЯ захватываю замок
^e[роман]
^fДоди Смит
^gперевод с английского О. Орловой
210 ^aМосква
^cАСТ
^d2021
215 ^a478, [2] с.
^d20 см
225 1 ^aДо шестнадцати и старше
333 ^a16+
345 ^92 000 экз.
454 1 ^12001
^aI CAPTURE THE CASTLE
^fDodie Smith
606 ^aЗАМЕЖНАЯ ЛІТАРАТУРА
^3BY-NLB-ar10780
^2DVNLB
606 ^aЗАРУБЕЖНАЯ ЛИТЕРАТУРА
^3BY-NLB-ar10779
^2DVNLB
608 ^aРАМАН
^3BY-NLB-ar92013
^2BYGNR
608 ^aРОМАН
^3BY-NLB-ar92012
^2BYGNR
686 ^a84(4Вел)
^2rubbk
690 ^a1
^2Base
^9BY-MI0012
^xRSEK
700 1 ^aСмит
^bД.
^gДоди
^cписательница
^f1896—1990
^3BY-SEK-177179
702 1 ^aОрлова
^bО.
^3BY-SEK-ar7637886
^4730
801 0 ^aBY
^bBY-MI0012
^c20251125
^gRCR
035 ^a(BY-MI0012)BY-MI0012-br121407
899 0 ^aBY-MI0012
^iС 50
^h84(4Вел)